[Event "Ordzhonikidze zt 1.9"]
[Site "Ordzhonikidze"]
[Date "2000.06.13"]
[Round "5"]
[White "Berelowitsch, Alexander"]
[Black "Ovsejevitsch, Sergei"]
[Result "1/2-1/2"]
[WhiteElo "2505"]
[BlackElo "2525"]
[Annotator "Tsesarsky,I"]
[PlyCount "76"]
[EventDate "2000.06.09"]
[EventType "swiss"]
[EventRounds "9"]
[EventCountry "UKR"]
[SourceTitle "CBM 078"]
[Source "ChessBase"]
[SourceDate "2000.10.18"]
[SourceVersion "1"]
[SourceVersionDate "2000.10.18"]
[SourceQuality "1"]

1. e4 c5 2. Nf3 Nc6 3. d4 cxd4 4. Nxd4 g6 5. c4 Bg7 6. Be3 Nf6 7. Nc3 O-O 8.
Be2 d6 9. O-O Bd7 10. Qd2 Nxd4 11. Bxd4 Bc6 12. f3 a5 13. Rab1 Nd7 14. Be3 Nc5
15. Rfc1 Qb6 16. b3 Rfc8 17. Rc2 Qd8 18. Bf1 (18. a3 h5 19. Bf1 Bd7 20. Nd5 e6
21. Nc3 Qe7 $14 {Ivanchuk,V-Larsen,B/Roquebrune 30'/1992/0,5 (45)}) (18. Nd1
Qf8 $11 {Ftacnik-Smejkal/BL9293/1992/}) 18... Be5 (18... b6 19. a3 Rcb8 20. b4
axb4 21. axb4 Ne6 22. Nd5 Nf8 23. Qf2 $14 {Vilela,JL-Estevez,G/Santa Clara (01)
/1991/0,5 (57)}) (18... h5 {Horvath,Jo-Reeh,O/Budapest Kasparov/1991/} 19. Nb5
$1 $14) 19. a3 ({Also interesting is} 19. Nd1 $5 Qe8 (19... Qf8 20. Nf2 h5 21.
Bh6 Bg7 22. Bg5 Kh7 23. Re1 Rc7 24. Be3 Bh6 25. Nd1 Bxe3+ 26. Qxe3 Qh6 27. Qf2
$14 {1-0 Veingold,A-Perez Lopez,JM/ch-ESP (team) Div 2 1999 (40)}) 20. Nf2 f5 (
20... b5 $2 21. Ng4 Bg7 22. cxb5 Bxb5 23. Nh6+ Kf8 24. Bxb5 Qxb5 25. Qd5 Qe8
26. e5 $1 $16 {1-0 Vaganian,Rafael A-Ivkov,Borislav/Moscow ;MCL 1985 (30)}) 21.
exf5 (21. Nd3 Bg7 22. exf5 $14 (22. Bxc5 $6 dxc5 (22... fxe4 23. Bf2 exd3 24.
Bxd3 $14) 23. e5 b6 $15 {1/2-1/2 Stojanovic,Dalibor-Kovchan,Alexander/EU-ch
U16 Litohoto (2) ;CBM 72 ext 1999 (41)})) 21... gxf5 22. Nd3 Nxd3 23. Bxd3 Qg6
24. Qe2 $14) (19. Rd1 Qf8 20. Nd5 Qd8 21. Bg5 Bxd5 22. exd5 $14 {1/2-1/2
Horvath,Gyula-Wirthensohn,Heinz/EUCup Gr5 Thessaloniki (2) ;EXT 98 1996 (28)})
(19. g3 h5 20. Bg2 Kh7 21. Ne2 b6 22. Nd4 Bb7 23. Re1 Bg7 24. Bh3 $14 {Ftacnik,
L-Reinderman,D/NED-chT Amsterdam NED 2000/1/2-1/2 (70)}) 19... Qf8 (19... Be8
20. Bg5 $14 {[%csl Re7][%cal Gc3d5]} (20. b4 $6 axb4 21. axb4 Na4 22. Ne2 Nb6
$11 {1/2-1/2 Wojtkiewicz,Aleksander-Bischoff,Klaus/Altensteig (6) ;CBM 49 1995}
)) 20. b4 $6 $11 ({Another plan is} 20. Nd5 $142 {and White waits for pawn
promotions in the center and kingside which will weaken Pd6 etc. -or Black
will take on d5 and White with pair of BB and space advantage will have
advantage.} {The first possibility is} Qd8 ({The second possibility is} 20...
Bxd5 21. exd5 $1 ({and now not} 21. cxd5 $6 a4 $1 22. bxa4 (22. b4 Nb3 23. Qf2
Rxc2 24. Qxc2 Rc8 25. Qf2 Rc3 26. Rd1 Qc8 27. Bg5 (27. f4 Rc2 28. Qf3 Bg7 29.
Bb5 Ra2 30. Bxa4 Rxa3 $17 {0-1 Vuckovic,Bo-Damljanovic,B/It Valjevo YUG 2000 
(44)}) 27... f5 (27... Rc2 28. Qa7 Qd7 29. Qb6 $14 {[%cal Gf1b5]}) 28. Bxe7 Rc1
29. Qe1 Rxd1 30. Qxd1 Qe8 (30... Qc7 31. Bg5 fxe4 32. fxe4 Bb2 33. Qg4 $16) 31.
Bh4 fxe4 32. Bc4 (32. fxe4 Bd4+ 33. Kh1 Qxe4 34. Bg3 Qxd5 $44)) 22... Rxa4 $11)
21... Qg7 22. b4 {-see commented game Khalifman,Alexander-Hracek,Zbynek/
Pardubice (2) ;CBM 42 1994/0-1 (70) (Boensch Uve)}) 21. Bg5 f6 22. Be3 e6 23.
Nc3 $14 (23. Nf4 $14)) 20... axb4 21. axb4 Ne6 {Now R activity in a-line bring
to Black good position.} (21... Na4 $6 22. Ne2 $14 {[%csl Ra4]}) 22. g3 (22.
Nd5 Ra3 23. Ra2 Rca8 24. Rxa3 Rxa3 $132) 22... Ra3 {[%csl Rc3][%cal Gc8a8,
Gf8g7] Black put strong pressure on the big diagonal a1-h8 and a-line} 23. b5 {
Weaken square c5, but what can you advice to White to do?} (23. Bh3 Rca8 $132 {
And White haven't active plan.}) 23... Bd7 24. f4 Bg7 25. Bf2 $6 $15 (25. e5
Nc5 $1 {Quite well was} 26. Bxc5 ({and here White can't play} 26. exd6 $4 {
because of} Rxc3 $1 {Maybe White missed this move?} 27. Rxc3 (27. Bxc5 Rxc2 $19
) 27... Ne4 $19) 26... Rxc5 27. exd6 exd6 28. Ne4 Bf5 $11) 25... Nc5 26. Bxc5 {
White start play for draw...} (26. Bg2 Nb3 27. Qd3 Na5 28. c5 Be6 $17) 26...
Rxc5 27. Nd5 Be6 (27... Qd8 $15) 28. Ra2 Rxa2 29. Qxa2 Bxd5 $11 {Why?} (29...
Bg4 $15 {[%cal Ge7e6] Was keep slight advantage}) (29... Bc8 $15 {[%cal Ge7e6]}
) 30. exd5 Bd4+ 31. Kh1 Rc8 32. Qd2 Bc5 {Both sides haven't weaknesses, it is
dead draw.} 33. Bh3 Ra8 34. Qe2 Qh6 35. Bg2 Qf8 36. Rf1 Ra3 37. f5 Bd4 38. Qg4
Bf6 1/2-1/2

[Event "Politiken zt"]
[Site "Munkebo"]
[Date "1998.09.19"]
[Round "4.4"]
[White "Stefansson, Hannes"]
[Black "Nielsen, Peter Heine"]
[Result "1/2-1/2"]
[WhiteElo "2535"]
[BlackElo "2515"]
[Annotator "Tsesarsky,I"]
[PlyCount "60"]
[EventDate "1998.09.10"]
[EventType "k.o."]
[EventRounds "5"]
[EventCountry "DEN"]
[SourceTitle "CBM 067"]
[Source "ChessBase"]
[SourceDate "1998.11.30"]
[SourceVersion "2"]
[SourceVersionDate "1998.11.01"]
[SourceQuality "1"]

{[%mdl 256]} 1. e4 c5 2. Nf3 Nc6 3. d4 cxd4 4. Nxd4 g6 5. c4 Bg7 6. Be3 Nf6 7.
Nc3 O-O 8. Be2 d6 9. O-O Bd7 10. Kh1 (10. Qd2 $5) (10. Rc1 $5) 10... Nxd4 (
10... a6 11. f3 Rc8 (11... Nxd4 12. Bxd4 Rb8 13. Qd2 Re8 14. Rfd1 b5 15. e5
dxe5 16. Bxe5 b4 17. Nd5 $1 (17. Bxf6 exf6 18. Nd5 Bc6 $11 {0-1 Rahman,T-Hegde,
R/Calcutta op2 1994/EXT 94op (28)}) 17... Ne4 $1 18. fxe4 Bxe5 19. Nxb4 Ba4 20.
Qxd8 Rexd8 21. Rxd8+ Rxd8 22. Nd3 Bd4 23. Rc1 $14) 12. Rc1 Ne8 13. Nd5 e6 14.
Nxc6 Rxc6 15. Nb4 Rc8 16. Qd2 $14 {1-0 Istrati,V-Duriez,A/Eu Youth gu16,
Mureck AUT 1998 (46)}) (10... Rc8 11. f4 a6 12. Nxc6 Bxc6 13. Bf3 Qa5 14. Qd2
Rfe8 15. a3 Bd7 16. b4 Qc7 17. Rac1 Qxc4 18. e5 Ng4 19. Bxb7 Nxe3 20. Qxe3 Rb8
21. Bd5 Qc8 22. Ne4 (22. Nb5 Bxb5 23. Rxc8 Rexc8 24. Re1 $16) 22... Qd8 23.
Bxf7+ $1 Kxf7 24. e6+ $1 Kg8 (24... Bxe6 25. Ng5+ Kg8 26. Qxe6+ $18) 25. exd7
Qxd7 26. Ng5 $16 {1-0 Stork,O-Laurent,B/Interteam ch, BEL 1996 (41)}) (10...
Qc8 11. Rc1 Ng4 12. Nxc6 bxc6 13. Bg5 Re8 14. b3 a5 15. Na4 Rb8 16. c5 $14 (16.
Bd2 $6 Nf6 17. Bxa5 Nxe4 $132 {0-1 Zilch,L-Wachweger,A/Hessen qual 1990/GER 02
(37)})) 11. Bxd4 Bc6 12. Qd3 (12. Qc2 a5 13. f4 Nd7 14. Bxg7 Kxg7 15. Rad1 Qb6
16. Rd3 Kg8 17. Rg3 $14 {1/2-1/2 Nur,N-Vigorito,D/New York op 1993/TD 93\03 
(39)}) 12... a5 13. f4 $6 $11 (13. b3 $14) 13... a4 $1 (13... Nd7 14. Bxg7 Kxg7
15. Rad1 $14 (15. Rfd1 Qb6 16. Rd2 Qc5 17. Re1 (17. Rf1 $14) 17... Qf2 $6 18.
Rf1 Qc5 $14 {0-1 Chiburdanidze,M-Andres,M/Havana I 1985 (57)})) 14. b4 (14.
Rad1 Nd7 (14... Qa5 $5 15. Nd5 Nxd5 16. exd5 (16. cxd5 Bxd4 17. Qxd4 Bb5 $11) (
16. Bxg7 Nxf4 $17) 16... Bxd4 17. Qxd4 Bd7 18. Rde1 Qc5 (18... Rac8 19. Bd3
Rfe8 20. f5 $16) 19. Qxc5 (19. Qd2 Rfe8 20. Bd3 b5 21. Rc1 Qd4 $132) 19... dxc5
20. Bf3 Rfe8 21. Re3 Kf8 $11) 15. Bxg7 Kxg7 16. Nd5 f6 17. f5 g5 $11) 14...
axb3 15. axb3 Rxa1 16. Rxa1 e5 $1 17. fxe5 (17. Be3 exf4 18. Bxf4 Nxe4 $17)
17... dxe5 18. Bc5 (18. Bxe5 Qxd3 19. Bxd3 Re8 $11) 18... Qxd3 19. Bxd3 Rd8 20.
Nd5 (20. Bb1 Bf8 21. Bxf8 Kxf8 22. Nd5 Ne8 $11) 20... Nxd5 (20... Bxd5 21. exd5
(21. cxd5 Nxd5 $1 $15) 21... e4 (21... Nxd5 22. Be4 b6 23. Bxd5 bxc5 24. Ra7 h5
25. g3 $14) 22. Be7 (22. Bc2 Nd7 23. Ra5 Nxc5 24. Rxc5 Ra8 25. g3 Ra1+ 26. Kg2
Ra2 $19) 22... Re8 23. Bxf6 Bxf6 24. Re1 e3 $11) 21. cxd5 Bxd5 22. Bb6 (22.
exd5 e4 23. Rd1 Rxd5 24. Bc2 Rxc5 25. Bxe4 $15) 22... Rf8 (22... Rc8 23. exd5
e4 24. Rf1 exd3 25. d6 $18) 23. exd5 e4 24. Rd1 exd3 25. Rxd3 Bf6 $5 26. d6 Bd8
$1 27. Bc7 (27. Bc5 Re8 28. Kg1 Re2 29. d7 (29. Re3 $2 Rxe3 30. Bxe3 Kf8 31.
Kf2 Ke8 32. Kf3 Kd7 33. Bf4 Ba5 34. Ke4 Ke6 $17) 29... f5 30. h3 Kf7 31. g4 $11
) (27. Be3 Re8 28. d7 (28. Kg1 f5 (28... Rxe3 29. Rxe3 Bb6 30. Kf2 Kf8 31. Kf3
Bxe3 32. Kxe3 Ke8 33. Kd4 Kd7 34. Kc5 $18) 29. Kf2 Kf7 30. d7 Re4 31. Kf3 Ke6
$11) 28... Re4 29. Kg1 f5 30. Kf2 Kf7 $11) (27. Bxd8 $2 Rxd8 28. g4 f6 29. Kg2
Kf7 30. Kf3 Ke6 $17) 27... Kg7 28. b4 Bxc7 29. dxc7 Rc8 30. Rc3 b5 1/2-1/2

[Event "Moscow Aeroflot op"]
[Site "Moscow"]
[Date "2002.02.07"]
[Round "4"]
[White "Kalinin, Alexander"]
[Black "Zavgorodniy, Sergiy"]
[Result "1/2-1/2"]
[WhiteElo "2512"]
[BlackElo "2407"]
[Annotator "Tsesarsky,I"]
[PlyCount "104"]
[EventDate "2002.02.04"]
[EventType "swiss"]
[EventRounds "9"]
[EventCountry "RUS"]
[SourceTitle "CBM 088"]
[Source "ChessBase"]
[SourceDate "2002.03.21"]
[SourceVersion "1"]
[SourceVersionDate "2002.03.21"]
[SourceQuality "1"]

1. Nf3 Nf6 2. c4 c5 3. Nc3 g6 4. d4 cxd4 5. Nxd4 Bg7 6. e4 d6 7. Be2 O-O 8. O-O
Nc6 9. Be3 Bd7 10. Qd2 Nxd4 11. Bxd4 Bc6 12. Bd3 (12. f3 {-mainline.}) 12... a5
13. Rfe1 ({Another mainline is} 13. Rae1 Nd7 14. Bxg7 Kxg7 15. Re3 Re8 (15...
h5 16. Be2 Rh8 17. Qd4+ Kg8 18. Nd5 Nc5 19. Re1 e5 20. Qd2 Bxd5 21. Qxd5 Qc7
22. Rd1 Rd8 23. Bf1 $14 {1/2-1/2 Yandarbiev,R-Gilyazov,A/St Petersburg RUS
2001/The Week in Chess 345 (55)}) (15... h6 16. Rh3 Rh8 17. f4 Qb6+ 18. Kh1 Qd4
19. Ne2 Qf6 20. Bb1 b5 21. Nd4 Ne5 22. Qe2 Nxc4 23. Nxc6 Ra6 24. e5 $18 {
1-0 Predojevic,B-Ramesa,D/Halkidiki GRE 2001/The Week in Chess 357 (31)}) 16.
Rh3 Kg8 17. Nd5 Nf8 18. f4 e6 19. Ne3 f5 20. exf5 exf5 21. Rg3 Qb6 22. Kh1 Kf7
$16 {1/2-1/2 Melnikova,Y-Kosintseva,T/RUS 2000/EXT 2001 (46)}) 13... Nd7 {
Plan of Black is to exchange BBd4 and g7, then to play e7-e5, Bd7-c5 and to
build black squares blockade, in case of Nc3-d5 to capture it by Bc6. There
are very many games played this scenario - see below:} (13... Re8 14. Nd5 (14.
Rad1 a4 15. Nd5 Nd7 16. Bxg7 Kxg7 17. b4 (17. Re3 $5) 17... axb3 18. axb3 e5
19. Bc2 Nc5 20. b4 (20. Nc3 $5 $11) 20... Ne6 21. Nc3 Nd4 $11 {0-1 Mortensen,
E-Larsen,B/Aaland 1989/EXT 97 (40)}) 14... Nd7 15. Bxg7 Kxg7 16. Re3 e5 17. Nc3
$5 {In order to avoid Nd5 to Bc6 exchange.} (17. Be2 Bxd5 18. Qxd5 Nc5 $11 {
[%csl Gc5,Re2] 0-1 Krasenkow,M-Nielsen,P/Germany 1998/GER-chT (36)}) 17... Nc5
18. Rh3 h5 19. Rd1 $14) (13... Ng4 14. Bxg7 Kxg7 15. Be2 Nf6 16. Qd4 e5 (16...
Qb8 17. Bf3 Rd8 18. Rad1 e5 19. Qe3 Qc7 20. Rd2 Qe7 21. Red1 Ne8 $14 {1/2-1/2
Hadzimustafic,S-Mikac,M/Pula 2000/CBM 76 ext (26)}) 17. Qe3 Ne8 18. Rad1 $14 {
1-0 Khenkin,I-Knezevic,B/Pula 1990/EXT 2000 (50)}) (13... a4 14. Rad1 (14. Nd5
Nd7 15. Bxg7 Kxg7 16. Re3 e5 17. Rh3 h5 18. Nc3 Nc5 19. Rd1 Qe7 20. Re3 Rfd8
21. Bf1 Qg5 22. Qe1 $14 {0-1 Renet,O-Sivokho,S/Paris 1996/CBM 51 ext (47)})
14... Re8 15. Nd5 Nd7 16. Bxg7 Kxg7 17. Re3 e5 (17... Qa5 $6 18. Qc1 Bxd5 (
18... e5 19. Rh3 h5 20. Be2 $40) 19. Rh3 Nf6 (19... Bc6 20. Qh6+ Kf6 21. Rf3+
Ke6 22. Qh3+ f5 23. exf5+ Kf6 24. fxg6+ Bxf3 25. Qxf3+ Kg7 26. Qf7+ $18) 20.
Qh6+ Kg8 21. exd5 Qb6 22. g4 Qd4 23. Rh4 Qxb2 24. g5 $18 {1-0 Sorokin,
M-Nielsen,P/Cheliabinsk 1991/EXT 97 (35)}) 18. Rh3 h5 $14) 14. Bxg7 Kxg7 15.
Re3 Qb6 (15... Nf6 16. Rd1 Qb6 17. Nd5 Bxd5 18. exd5 Rfe8 19. Bf1 Qb4 20. Qd4
a4 21. b3 Kg8 22. Rb1 Nd7 23. a3 Qxa3 $4 $18 {[%csl Ra3]} (23... Qc5 24. Qxc5
dxc5 25. b4 Kf8 $14) 24. b4 $1 Qa2 25. Qd1 a3 26. Reb3 {[%csl Ra2] 1-0
Beliavsky,A-Hjartarson,J/Barcelona 1989/CBM 12 (26)}) (15... f6 16. Rd1 Rf7 17.
Be2 Nc5 18. h4 Qf8 19. h5 $14 {1-0 Hansen,L-Nielsen,U/Vejle 1994/CBM 40 (45)})
(15... h6 16. b3 Qb6 17. Nd5 Qd4 18. Rd1 e5 19. Nc3 Nf6 20. Bc2 Qxd2 21. Rxd2
Rfd8 22. f3 Kf8 23. a3 Ke7 $11 {1/2-1/2 Sorokin,M-Spangenberg,H/Buenos Aires
1994/CBM 42 (36)}) (15... Re8 16. Rh3 Nf8 17. Rd1 Qb6 18. Nd5 Bxd5 19. exd5 Qb4
20. Qc1 a4 21. Bf1 Rac8 22. b3 a3 23. Qf4 Rc7 24. Rf3 f6 25. h4 $36 {1-0
Sorokin,M-Ravi,L/Linares 2000/CBM 75 (49)}) (15... Rh8 16. Rd1 Qb6 17. Nd5 Bxd5
18. exd5 Rae8 19. Bf1 Nc5 20. Qd4+ f6 21. Rde1 Kf7 22. Rb3 Qc7 23. Rbe3 Qb6 24.
Rb3 Qc7 25. Rf3 Rhf8 26. b3 Ra8 27. Rfe3 Rae8 28. a3 Qb6 29. Qh4 h5 30. Qd4 Rg8
31. g3 $14 {1/2-1/2 Resika,N-Zalai,M/Budapest HUN 2002/The Week in Chess 385 
(46)}) 16. Rh3 h5 {This natural move is mistake! The refutation goes
immediately.} ({Much better is} 16... Nf6 17. Re1 Rfe8 18. Qh6+ (18. Nd5 Bxd5
19. exd5 Qd4 20. Rhe3 Rac8 21. b3 (21. R3e2 b5 22. cxb5 Qxd5 23. Rxe7 Rxe7 24.
Rxe7 Qxa2 25. h3 $132) 21... b5 22. R3e2 (22. cxb5 Nxd5 23. Re4 Qc3 24. Qd1 Qf6
$132) 22... bxc4 $11) 18... Kg8 19. Re2 Qd4 $14) 17. Rxh5 $1 Rh8 {Black
decided to play without P and without any compensation. This is understandable
- in view of following analysis.} ({R sacrifice recieving leads to very strong
White's Attack:} 17... gxh5 18. Qg5+ Kh8 19. Qxh5+ Kg8 20. Qg5+ Kh8 21. Re1 {
[%cal Ge1e3,Ge3h3]} Qd4 $1 ({Immediately loses} 21... Ne5 $2 22. Re3 Qxe3 (
22... Ng6 23. Qh6+ Kg8 24. e5 $18) 23. Qxe3 Nxd3 24. Qxd3 Rg8 25. Nd5 {-see
commented game 1-0 Grischuk,A-Serper,G/New Delhi/Theran 2000/CBM 80 [Ftacnik,L]
(43)}) 22. Qh6+ Kg8 23. Re3 Ne5 24. Ne2 $1 (24. Rg3+ Ng6 25. h4 Qg7 26. Qg5 $36
) (24. Rh3 $2 Qxf2+ 25. Kxf2 Ng4+ $17) 24... Ng4 25. Qh4 Qg7 (25... Qxb2 26.
Qxg4+ Qg7 27. Qh4 Qa1+ 28. Nc1 Qxc1+ 29. Bf1 Qxe3 30. fxe3 f6 31. Bd3 $16) 26.
Rg3 Bd7 27. Nc3 Qh7 28. Qg5+ Qg6 29. Qxe7 $16 {[%csl Rd7,Rg4][%cal Gg3g8,Gh2h3]
}) 18. Rxh8 (18. Nd5 Bxd5 19. Rxd5 $16) 18... Rxh8 19. Bf1 (19. Be2 $16) (19.
Rd1 $16) 19... Nf6 20. Re1 Qc5 21. Nd5 Ng4 22. h3 Ne5 23. Qe3 (23. Nxe7 Rxh3
24. Qf4 (24. Nf5+ $2 gxf5 25. Qg5+ Kf8 26. Qd8+ Be8 27. gxh3 Nf3+ $19 {[%csl
Re1]}) 24... Rh5 25. Be2 Rh8 26. Rd1 $16) 23... e6 24. Nc3 (24. Qxc5 dxc5 25.
f4 Nd7 (25... exd5 26. cxd5 Bxd5 27. exd5 Nd7 28. d6 $16) 26. Nc3 $16) 24...
Qb4 25. f4 Nxc4 26. Qd4+ Ne5 27. Rd1 Qxd4+ 28. Rxd4 Nd7 29. Rxd6 {White kept
his over P, but Black recieved serious counterplay connected with g6-g5 break
and piece play.} Nc5 (29... e5 $2 30. Bb5 $1 $16) 30. e5 $2 $132 {Dropping an
advantage...} ({Right was only} 30. Rd4 g5 (30... e5 31. fxe5 Re8 32. Bc4 Rxe5
33. Bd5 $16) 31. fxg5 (31. g3 gxf4 32. gxf4 Rh4 33. Rc4 (33. e5 Nd7 $44 {
-like in this game - see below}) 33... Nd7 34. Ne2 Bb5 (34... e5 35. Bg2 exf4
36. Nd4 {[%csl Rc6,Rg7,Rh4][%cal Gd4f5,Gd4c6]} Rh5 37. Nxc6 bxc6 38. Rxc6 Ne5
$14)) 31... Rh5 32. Bb5 Rxg5 33. Bxc6 bxc6 34. Kh2 $16) 30... g5 $1 {[%csl Re5,
Rf4]} 31. g3 (31. fxg5 Rh5 $11 {[%csl Re5,Rg5]}) 31... gxf4 32. gxf4 Rh4 33.
Rd4 Nd7 34. Ne2 ({Or} 34. Rc4 Nb6 35. Rc5 Rxf4 $11) 34... Bb5 $1 ({Not} 34...
f6 $2 35. exf6+ Nxf6 36. Bg2 Bb5 37. f5 Rh6 38. Ng3 $16) 35. f5 (35. Ng3 Nxe5 (
35... Bxf1 36. Rxd7 Bxh3 37. Rxb7 Kg6 38. Ne2 Bg4 39. Nd4 Bh5 $132) 36. fxe5
Rxd4 37. Bxb5 Rd5 38. Be2 Rxe5 $44) 35... Nxe5 36. Rxh4 Nf3+ 37. Kf2 Nxh4 38.
fxe6 fxe6 39. Nd4 Bd7 (39... Bxf1 40. Kxf1 Kf6 $11) 40. Kg3 Ng6 41. Bb5 e5 42.
Bxd7 exd4 43. Bf5 Ne5 44. Kf4 Kf6 45. Bc8 Nd3+ 46. Ke4 Nxb2 47. Kxd4 b6 (47...
b5 48. Kc5 Na4+ 49. Kxb5 Nc3+ 50. Kxa5 Nxa2 $11) 48. Bd7 (48. h4 b5 $11) 48...
Nd1 49. Bg4 Nf2 50. Bd7 Ke7 51. Bc8 b5 52. Kc5 b4 1/2-1/2

[Event "Abu Dhabi op 13th"]
[Site "Abu Dhabi"]
[Date "2003.08.19"]
[Round "4"]
[White "Vladimirov, Yevgeniy"]
[Black "Ghaem Maghami, Ehsan"]
[Result "1-0"]
[WhiteElo "2606"]
[BlackElo "2544"]
[Annotator "Tsesarsky,I"]
[PlyCount "59"]
[EventDate "2003.08.16"]
[EventType "swiss"]
[EventRounds "9"]
[EventCountry "UAE"]
[SourceTitle "CBM 097"]
[Source "ChessBase"]
[SourceDate "2003.11.11"]
[SourceVersion "1"]
[SourceVersionDate "2003.11.11"]
[SourceQuality "1"]

1. d4 Nf6 2. Nf3 g6 3. c4 c5 4. Nc3 cxd4 5. Nxd4 Nc6 6. e4 Bg7 7. Be3 O-O 8.
Be2 d6 9. O-O Bd7 10. Qd2 Nxd4 11. Bxd4 Bc6 12. f3 a5 13. Rad1 Nd7 (13... a4
14. Nd5 (14. Kh1 Qa5 15. Bd3 Rfc8 16. f4 e5 17. fxe5 dxe5 18. Be3 $14 {1-0 Van
der Poel,H-De Rover,Y/NED 1995/EXT 99 (22)}) (14. b4 $6 axb3 15. axb3 Qa5 16.
Ra1 Qb4 17. Qb2 Nh5 18. Bxg7 Nxg7 19. Kh1 $11 {0-1 Romero,L-Altamirano,B/
Buenos Aires 1999/EXT 2001 (30)}) 14... Nd7 15. Bxg7 Kxg7 16. f4 Bxd5 17. exd5
Qa5 18. Qd4+ Nf6 19. Kh1 Rfc8 20. g4 $14 {1-0 Kosten,A-Haik,A/Paris 1988/EXT
97 (44)}) 14. Be3 {White might be satisfied by the opening result, space
advantage allows more flexibility in initiative development.} ({Worse is} 14.
Bxg7 $6 Kxg7 {Dark squares BB presence is in White's fafour. Side with space
advantage should avoid pieces exchange.} 15. Nd5 (15. f4 a4 (15... Nc5 16. Bf3
Qb8 17. Qe2 e5 18. fxe5 dxe5 19. Bg4 Qa7 20. Kh1 b6 21. Rd6 $14 {1-0 Pilgaard,
K-Richardson,K/Hastings 1995/CBM 50 ext (36)}) (15... f6 16. Rf3 Nc5 17. Re3
Qb6 18. Kh1 Rfe8 19. Rf1 e6 20. Bf3 Rad8 21. g4 Re7 $132 {0-1 Malienko,
A-Nikolaev,L/Kiev 2000/EXT 2001 (42)}) 16. Rf3 f5 17. Qd4+ (17. Rh3 Qb6+ 18.
Kh1 fxe4 19. f5 $132 {1-0 Ernst,T-Petursson,M/Hamburg 1981/MCD (63)}) 17... Kg8
18. exf5 $14) 15... Bxd5 (15... Nc5 16. Qd4+ (16. Qe3 Bxd5 17. cxd5 Qb6 18. Rd2
$11) 16... e5 17. Qd2 Ne6 $11 {0-1 Zuriel,M-Maggiolo,E/Villa Martelli 1999/EXT
2000 (20)}) 16. exd5 Qb6+ 17. Kh1 Nc5 18. Qd4+ Kg8 19. Bd3 Rfe8 20. Rfe1 Qb4
21. Bb1 Rad8 22. Re3 e5 23. dxe6 Rxe6 24. a3 Qa4 25. Rxe6 Nxe6 26. Qd2 Qxc4 27.
Qxa5 d5 28. Qd2 $11 {1/2-1/2 Kristiansen,J-Garcia Martinez,S/Buenos Aires 1978/
EXT 2000 (33)}) 14... Nc5 (14... a4 15. f4 ({Premature is} 15. Nd5 Bxd5 16.
exd5 Qa5 17. Bd4 $6 $11 {1-0 Koch,J-Nielsen,P/Singapore 1990/EXT 97 (39)} (17.
Qxa5 Rxa5 18. Rd2 Rc8 $11)) 15... f5 16. exf5 gxf5 17. Bf3 $14) 15. Rfe1 ({
Worth of attention} 15. Qc2 Qc7 16. Nd5 Bxd5 17. Rxd5 a4 (17... Rfd8 18. Rfd1
a4 19. f4 b6 20. Bf3 Rdb8 21. h4 (21. e5 $1 Nb7 (21... dxe5 22. Bxc5 e4 (22...
bxc5 23. Rd7 $18) 23. Qxe4 e6 (23... bxc5 24. Rd7 $18 {[%csl Ra8,Re7]}) 24. Bd6
exd5 25. Qxd5 Qc8 26. b4 Bf8 27. Bxb8 Rxb8 28. a3 $16) 22. R5d2 $16) 21... Rc8
22. Bg4 $14 {1/2-1/2 Mascarinas,R-Cabrilo,G/Lvov 1981/MCD (22)}) 18. f4 $14)
15... Qb6 16. Nb5 Rfc8 17. Bf1 $6 $11 {It was better to prevent next move by} (
17. b3 $14) 17... a4 $1 18. Qf2 Bxb5 19. cxb5 Qa5 20. Bd2 Qc7 21. Bb4 Qb6 $6
$14 {Overlooking the next strong impact:} ({After strong} 21... Ne6 $1 {
[%cal Gc8c2] Black has at least suffisient counterplay:} 22. Rd2 (22. f4 Qc2
$11) 22... Bh6 $11) 22. e5 $1 {[%csl Rc5,Rd6]} Bxe5 $2 $16 (22... Rc7 $142 23.
Rd5 $14) 23. Rxe5 dxe5 24. Rd5 {[%csl Rc5][%cal Gf2b6]} a3 $2 $18 {Despair} ({
More stubborn was} 24... Qe6 $142 25. Rxc5 Qxa2 26. Rxe5 e6 $16) 25. Rxc5 Rxc5
26. Bxc5 axb2 (26... Qf6 27. bxa3 $18) 27. Bxb6 b1=Q 28. Qc5 Qf5 29. Qxe7 Rxa2
30. Bc7 1-0